Quiz de Madagascar - Statistics

Estatísticas Gerais
  • Esse quiz foi jogado 478 vezes
  • A pontuação média é 8 de 17
Estatísticas das Respostas
Dica Resposta % Correto
País africano continental mais próximo Moçambique
84%
Línguas oficiais Francês
83%
Surpreendentemente, os colonos originais de Madagascar não vieram da África, mas, em vez disso, partiram deste país do sudeste asiático Indonésia
77%
Capital Antananarivo
75%
Únicas ilhas maiores que Madagascar Groelândia
75%
Nação insular entre Madagascar e outras regiões Comores
71%
Árvores famosas com troncos grossos {Baobá}s
47%
Línguas oficiais Malgaxe
40%
O principal produto de exportação de Madagascar - um ingrediente-chave em alguns sorvetes Baunilha
38%
Únicas ilhas maiores que Madagascar Bornéu
38%
Madagascar é responsável por 50% da produção mundial dessas pedras azuis {Safira}s
36%
Únicas ilhas maiores que Madagascar Nova Guiné
35%
90% das espécies vegetais e animais de Madagascar são _____, significando que eles não podem ser encontrados em nenhum outro lugar Endémicos
33%
Esporte nacional Rugby
30%
O nome "Madagascar" foi possivelmente inventado por este explorador italiano do século XIII, que confundiu a ilha com a cidade de Mogadíscio Marco Polo
24%
Segunda maior cidade Toamasina
18%
Pássaro gigantesco que pesava cinco vezes mais que um avestruz (extinto por volta de 1200 d.C.) Pássaros-{Elefante}
17%
Nenhum quiz correspondente encontrado
Distribuição das Pontuações
Porcentagem de Pessoas com Cada Pontuação
Percentil de Números Respondidos
Sua Pontuação Histórica
Você não jogou esse quiz